00565nam a22001697a 450000500170000001000150001702000260003203500140005803700130007208200100008524501080009526000410020327000800024430000260032450000210035070000240037120180814151545.0 aENG-123729 a9789352805518c995.00 aEN-107261 bDBAD/PUB00a174.410aMindful communication for sustainable development:ced.by Kalinga Seneviratnebperspectives from asia / aNew Delhi bSAGE Publications,c2018 aB1/I-1 Mohan Cooperative Industrial Area, Mathura Roadb New Delhi e110044 axiv,353p.c22 cm.(Hb) aIt include index aKalinga Seneviratne